000
00196 a2200097 4500
001
13570
100
_a
Organsri A.F.R
245
_a
World polities
260
_a
London
_b
_c
090
_c
10573
_d
10573
942
_a
NUST-CAE
_c
M
_c
640
999
_c
248643
_d
248643